| 000 | 00409nam a22001697a 4500 | ||
|---|---|---|---|
| 003 | MPLRDC | ||
| 005 | 20220104181738.0 | ||
| 008 | 210129b ||||| |||| 00| 0 eng d | ||
| 082 | _a859.6 WAH | ||
| 100 | _aIBRAHIM A. WAHAB | ||
| 245 |
_aOMBAK LAUT BIRU _c |
||
| 250 | _a初版 | ||
| 260 |
_a _bDEWAN BAHASA DAN PUSTAKA _c1987 |
||
| 300 | _b平 | ||
| 650 | _aSASTERA KANAK-KANAK | ||
| 942 |
_cBK _o859.6 WAH |
||
| 999 |
_c61608 _d61598 |
||